000 00684nam a2200217Ii 4500
003 JO-AjNU
008 230606s9999||||xx |||||||||||||| ||und||
020 _a978-0-7506-6747-0
040 _aJO-AjNU
_beng
_erda
_cJO-AjNU
041 _aeng
050 1 4 _aHF5415.1265.2006
100 3 _aMichael,Alex/Ben Salter,
_eauthor
_91501
245 0 0 _aMobile Marketing :Achieving Competitive Advantage through Wireless Technology
250 _a1 ed
264 3 1 _aNEW DELHI:Butterworth-Heinemann ,2006
300 _a237p
_bIncludes indexes 231-237 p
336 _atext
_btxt
_2rdacontent
337 _aunmediated
_bn
_2rdamedia
338 _avolume
_bnc
_2rdacarrier
650 4 _aMarketing
_91502
999 _aE790
_c790
_d790